Applied Research of Transport Infrastructure for Slovak Capital Demand

Bratislava ako hlavné mesto Slovenska tvorí dôležitý uzol medzi podnikaním a dopravnou infraštruktúrou. Podnikanie a udržateľný cestovný ruch si vyžaduje zodpovedajúcu infraštruktúru. Prioritou by mal byť rozvoj verejnej dopravy, inovácie, zvyšovanie kvality služieb a bezpečnosť klientov.

Enregistré dans:
Détails bibliographiques
Auteur principal: Puškelová, Mária
Autres auteurs: Ondrášiková, Ľubica, 1961-
Format: Chapitre de livre
Langue:anglais
Sujets:
Tags: Ajouter un tag
Pas de tags, Soyez le premier à ajouter un tag!

MARC

LEADER 00000nla a2200000 4500
001 0190331
005 20240502083441.8
041 0 |a eng 
044 |a PT 
245 1 0 |a Applied Research of Transport Infrastructure for Slovak Capital Demand  |c Mária Puškelová, Ľubica Ondrášiková 
520 |a Bratislava ako hlavné mesto Slovenska tvorí dôležitý uzol medzi podnikaním a dopravnou infraštruktúrou. Podnikanie a udržateľný cestovný ruch si vyžaduje zodpovedajúcu infraštruktúru. Prioritou by mal byť rozvoj verejnej dopravy, inovácie, zvyšovanie kvality služieb a bezpečnosť klientov. 
610 2 0 |a Slovensko 
610 2 0 |a ruch cestovný mestský 
610 2 0 |a turistika 
610 2 0 |a infraštruktúra dopravná 
610 2 0 |a inovácia 
610 2 0 |a kvalita služieb 
610 2 0 |a rozvoj trvalo udržateľný 
100 1 |a Puškelová, Mária 
700 1 |a Ondrášiková, Ľubica, 1961-